000 00470pab a2200169 454500
008 180718b2006 xxu||||| |||| 00| 0 eng d
100 _aWest, Martin R.
245 _aThe efficiency of choice threat within school accountability systems: results from legislatively induced experiments
260 _c2006
300 _ap.C46-62.
362 _aMar
650 _aSchools
700 _aPeterson, Paul E.
773 _aEconomic Journal
908 _aN
909 _a74910
999 _c74910
_d74910